Super Smash Bros Ultimate : Objets - Statistiques

Statistiques générales
  • Ce quiz a été pris 85 fois
  • Le résultat moyen est 32 sur 87
Statistiques - réponses
Série Objet % Correct
Pokémon Poké Ball
92%
Pokémon Master Ball
86%
Super Smash Bros Trophée aide
78%
Super Smash Bros Balle Smash
73%
Super Mario Bob-omb
67%
Super Smash Bros Caisse
67%
Nintendo Scope 6 Nintendo Scope
65%
Super Smash Bros Nourriture
59%
Super Mario Super champi
59%
Super Mario Carapace verte
57%
Super Mario Fleur de feu
57%
Super Mario Super étoile
57%
Super Mario Peau de banane
55%
Super Smash Bros Batte de base-ball
53%
Kirby Étoile Warp
53%
Super Smash Bros Fausse balle Smash
53%
Super Smash Bros Tonneau
53%
Super Smash Bros Épée laser
51%
Super Mario Champi poison
47%
Animal Crossing Piège
47%
Kid Icarus Bâton
45%
Donkey Kong Marteau
45%
Earthbound Mr. Saturn
45%
Super Smash Bros Pistolaser
45%
Super Mario Ballon de foot
43%
Galaga Boss Galaga
43%
The Legend of Zelda Fée en bouteille
43%
Steel Diver Steel Diver
43%
Super Smash Bros Trou noir
43%
Star Fox Bombe intelligente
41%
Super Smash Bros Caisse roulante
41%
Earthbound Badge Franklin
39%
Super Mario Carapace à épines
39%
Kirby Dragoon
39%
The Legend of Zelda Réceptacle de cœur
39%
Kirby Bâton étoile
37%
Super Smash Bros Bombe gluante
37%
Super Mario Boomerang
37%
Super Smash Bros Capsule
37%
Castlevania Faux de la Mort
37%
Kirby Maxi-tomate
37%
Super Smash Bros Pistobanane
37%
The Legend of Zelda Scarabée
37%
Kid Icarus Bouclier dorsal
35%
Panel de Pon Sceptre de Lip
35%
Super Mario Barre de feu
33%
Kid Icarus Bombe X
33%
Super Mario Éclair
33%
Super Smash Bros Sac de sable
33%
Fire Emblem Fer létal
31%
Super Mario Bill Balle
29%
Super Mario Bloc POW
29%
The Legend of Zelda Cocotte
29%
Pikmin Bombe Hocotate
27%
Super Smash Bros Bumper
27%
Super Mario Caisse de métal
27%
Kid Icarus Massue minerai
27%
Super Smash Bros Caisse explosive
24%
Super Mario Congélo
24%
Kirby Curry extrafort
24%
Kid Icarus Genèse
24%
Super Mario Herbe
24%
Super Mario Marteau en or
24%
Super Mario Super feuille
24%
Super Mario Tête Brûlée
24%
Metroid Attaque en vrille
22%
Super Smash Bros Ballon surprise
22%
Kirby Bombinet
22%
Earthbound Champinocif
22%
Animal Crossing Ruche
22%
Super Mario Super anneau étoile
22%
Clu Clu Land Unira
22%
Super Smash Bros Bombe à détection
20%
Super Smash Bros Champ de soin
20%
Rally-X Drapeau spécial
20%
The Legend of Zelda Masque de lapin
20%
The Legend of Zelda Noix Mojo
20%
The Legend of Zelda Jarre magique
18%
Pilotwings Ceinture-fusée
16%
Kid Icarus Œil-qui-tue
16%
Super Smash Bros Balle diabolique
14%
Super Smash Bros Boule fumée
14%
Super Smash Bros Flingue rageur
14%
Super Smash Bros Foreuse
12%
Super Smash Bros Chronomètre
10%
The Legend of Zelda Missile teigneux
8%
Super Smash Bros Pousse apaisante
8%
Aucun quiz correspondant
Distribution des résultats
% des personnes avec chaque résultat
Percentile par nombre de réponses
Votre historique - résultats
Vous n’avez pas pris ce quiz